|
|
|
|
| LEADER |
00000nab a2200000 a 4500 |
| 001 |
vtls009168243 |
| 003 |
SK-MaSNL |
| 005 |
20260303211455.0 |
| 008 |
071217c20071120xo ur| 0 0slo |
| 038 |
|
|
|a RVGKPD
|
| 040 |
|
|
|a RVGKPD
|b slo
|c RVGKPD
|e AACR2
|
| 041 |
|
|
|a slo
|
| 044 |
|
|
|a xo
|c SK
|
| 080 |
|
|
|a 792.54
|2 1997
|
| 100 |
1 |
|
|a Unger, Pavel,
|d 1951-
|4 aut
|9 340556
|
| 245 |
1 |
0 |
|a Dôverovať partitúre neuškodí
|b recenzia
|c Pavel Unger
|
| 300 |
|
|
|b Fotogr.
|
| 600 |
1 |
7 |
|a Verdi, Giuseppe,
|d 1813-1901
|t Maškarný bál
|2 rvgkpd
|9 70847
|
| 610 |
2 |
7 |
|a Štátne divadlo Košice.
|b Opera
|2 rvgkpd
|9 125500
|
| 650 |
0 |
7 |
|a opera
|2 rvgkpd
|9 3212
|
| 651 |
|
7 |
|a Košice (Slovensko)
|2 rvgkpd
|9 18694
|
| 773 |
0 |
|
|t Pravda
|g Roč. XVII, č. 266 (20.11.2007), s. 20
|x 1335-4051
|
| 852 |
|
|
|a RVGKPD
|b KIS3G
|
| 992 |
|
|
|a RBX
|
| 999 |
|
|
|c 2202974
|d 2204904
|